| 000 | 00469nam a2200157Ia 4500 | ||
|---|---|---|---|
| 008 | 220216s9999 xx 000 0 und d | ||
| 100 | _aMoreno R M B | ||
| 245 | 0 | _aPerformance of latex and natural rubber of new rubber tree clones (IAC series) | |
| 260 |
_bKautschuk Gummi Kunststoffe _c2007 |
||
| 300 | _a659-661 | ||
| 650 | _aNew clones | ||
| 650 | _aTechnological properties | ||
| 700 | _aGoncalves P de Souza | ||
| 700 | _aMattoso L H Capparelli | ||
| 942 | _cJS | ||
| 999 |
_c64743 _d64743 |
||